000 00216nam a2200085Ia 4500
008 120527s9999 xx 000 0 und d
100 _aMeier & Baldwin
245 _aDevelopment: theory, Histrory and policy
942 _cBK
999 _c27236
_d27236